| 000 | 02178nam a2200301Ia 4500 | ||
|---|---|---|---|
| 005 | 20220317001441.0 | ||
| 008 | 161108s2005 sp o g 000 j s | ||
| 020 | _a9788481916829 | ||
| 020 | _a848191682X | ||
| 100 | 1 |
_aPirandello, Luigi _d1867-1936 |
|
| 245 | 1 | 0 |
_aRelatos para un año ; Mantón Negro _cLuigi Pirandello ; traducción de Rafael F., Tomás Llopis |
| 250 | _a1a. edición | ||
| 300 |
_a394 páginas _bfotografías en blanco y negro _c22 cm |
||
| 490 | _aNarrativa clásicos | ||
| 505 | _aMantón Negro -- La primera noche -- El humo -- La capilla --Defensa de Méola -- Los afortunados -- Ya que no llueve -- Formalidades -- El abaniquito -- íY dos! -- Amiguísimos -- Si -- Remedio: la geografía -- Respuesta -- El murciélago | ||
| 520 | _aSon relatos sin héroes, pequeñas obras maestras gracias a sus perfectos mecanismos narrativos, a sus diálogos hábilmente construidos o a la extraordinaria modernidad de sus personajes, que se manifiestan ansiosamente con gestos guiñolescos y una locuacidad que deja al descubierto sus secretos. El escritor italiano expresó su profundo pesimismo por la condición humana a través del humor, que constituye uno de los rasgos de su obra narrativa y es singularmente macabro y desconcertante. La sonrisa que provoca procede más bien de la incomodidad y amargura ante los aspectos absurdos de la existencia. Los temas y los símbolos expresionistas aparecen en algunos de sus relatos, que han sido traducidos a las principales lenguas, y que son una puerta desde la cual aprehender el absurdo de las pasiones humanas a la vez que la mirada se posa sobre una realidad anómala, extraña, deformada y privada de toda certeza tranquilizadora | ||
| 534 | _bNovelle per un anno. Scialle nero | ||
| 650 | 1 | 4 |
_2LEMB _aCuentos Italianos _ySiglo XIX |
| 650 | 1 | 4 |
_2LEMB _aLiteratura italiana _ySiglo XIX |
| 700 | 1 |
_aTomás Llopis, Rafael F. _etraductor _973269 |
|
| 942 |
_2loc _cBKLIT |
||
| 264 |
_aValencia _bPre-textos _c2005 |
||
| 336 |
_atexto _btxt _2rdacontent |
||
| 337 |
_asin mediación _bn _2rdamedia |
||
| 338 |
_avolumen _bnc _2rdacarrier |
||
| 040 |
_aCO-BoRNBP _bspa _erda _cCO-BoRNBP |
||
| 084 | _aC PIR1 | ||
| 999 |
_c7018 _d7018 |
||